Szczegóły MARC
| 000 -Nagłówek |
| fixed length control field |
02277cam a2200409 i 4500 |
| 001 - Nr kontrolny bibl., która utworzyła rek. |
| control field |
zz2004797633 |
| 003 - Siglum bibl., której nr kontr. jest w 001 |
| control field |
NUKAT |
| 005 - Data i czas ostatniej operacji |
| control field |
20260427224624.0 |
| 008 - Elementy pola stałej długości |
| fixed length control field |
041224s1923 pl |000 0 pol c |
| 035 ## - Systemowy numer kontrolny |
| systemowy numer kontrolny |
(OCoLC)749457361 |
| 035 ## - Systemowy numer kontrolny |
| systemowy numer kontrolny |
(NUKAT)zz2004797633 |
| 040 ## - Instytucja sporządzająca opis |
| Instytucja, która sporządziła opis |
GD U/TZ |
| język katalgowania-trzyzn. kod |
pol |
| zasady opisu |
rda |
| Instytucja, która sporządziła rekord |
GD U/TZ |
| Instytucja, która zmodyfikowała rekord |
GD U/TZ |
| -- |
GD U/TZs |
| -- |
KR PAU/JK |
| -- |
WA U/JS |
| -- |
TOR U/kn |
| -- |
WA U/AWU |
| -- |
KR 048/RW |
| 100 1# - Hasło główne-nazwa osobowa |
| Nazwa osobowa |
Rafacz, Józef |
| Daty biograficzne |
(1890-1944). |
| rodzaj współpracy |
Autor |
| 9 (RLIN) |
40725 |
| 245 10 - Tytuł właściwy i oznaczenie odpow. |
| tytuł |
Zastępcy stron w dawnym procesie polskim / |
| dod. inf. ze s. tyt./ozn. odpow. |
Józef Rafacz. |
| 260 ## - Adres wydawniczy |
| miejsce wydania, dystrybucji itp. |
Kraków : |
| nazwa wydawcy, dystrybutora itp. |
Polska Akademja Umiejętności ; |
| miejsce wydania, dystrybucji itp. |
Warszawa [i pozostałe] : |
| nazwa wydawcy, dystrybutora itp. |
Skład Główny w Księgarniach Gebethnera i Wolffa, |
| data wydania, dystrybucji itp. |
1923 |
| miejsce druku |
(Kraków : |
| nazwa drukarni |
Drukarnia Uniwersytetu Jagiellońskiego). |
| 300 ## - Opis fizyczny |
| objętość i/lub forma materiału |
91 stron ; |
| format |
25 cm. |
| 336 ## - Content Type |
| Term |
Tekst |
| Code |
txt |
| Source |
rdacontent |
| 337 ## - Media Type |
| Term |
Bez urządzenia pośredniczącego |
| Code |
n |
| Source |
rdamedia |
| 338 ## - Carrier Type |
| Term |
Wolumin |
| Code |
nc |
| Source |
rdacarrier |
| 380 ## - Form of work |
| Form of work |
Książki |
| 490 1# - Tytuł serii i ks. wielotom.-nie do wysz. |
| oznaczenie serii |
Rozprawy / Polska Akademja Umiejętności. Wydział Historyczno-Filozoficzny ; |
| numer woluminu |
ser. 2, t. 38 [właściwie 39] (ogólnego zbioru t. 64), nr 8 [właściwie 2] |
| 500 ## - Uwaga ogólna |
| uwaga ogólna |
Widniejąca na stronie tytułowej jako numer rozprawy cyfra 8 jest błędna. W wydawniczym spisie treści załączonym wraz z kartą tytułową do tomu 38 (właściwie 39) = (ogólnego zbioru t. 64) niniejsza rozprawa oznaczona została numerem 2 wśród 5 rozpraw tworzących ten tom. |
| 530 ## - Uwaga o dod. formie fiz. materiału |
| uwaga o dodatkowej fizycznej formie dokumentu |
Dostępny również w formie elektronicznej. |
| 650 #7 - Hasło przedmiotowe-nazwa pospolita |
| nazwa pospolita lub geogr. |
Procesy sądowe |
| źródło hasła |
DBN |
| 9 (RLIN) |
40639 |
| 650 #4 - Hasło przedmiotowe-nazwa pospolita |
| nazwa pospolita lub geogr. |
Postępowanie (prawo) |
| określnik geograficzny |
Polska |
| określnik rzeczowy |
historia. |
| źródło hasła |
kaba |
| 9 (RLIN) |
8145 |
| 650 #7 - Hasło przedmiotowe-nazwa pospolita |
| nazwa pospolita lub geogr. |
Przedstawicielstwo (prawo) |
| określnik geograficzny |
Polska |
| określnik rzeczowy |
historia. |
| źródło hasła |
kaba |
| 9 (RLIN) |
40726 |
| 651 #7 - Hasło przedmiotowe-nazwa geogr. |
| nazwa geograficzna |
Polska |
| źródło hasła |
DBN |
| 9 (RLIN) |
35076 |
| 658 ## - Nazwa określająca cel programu nauczania |
| główny cel programu nauczania |
Prawo i wymiar sprawiedliwości |
| 710 2# - Hasło dodatkowe - nazwa ciała zbior. |
| nazwa ciała zbior. lub nazwa geogr. |
Polska Akademia Umiejętności (1919-1952). |
| rodzaj współpracy |
Wydawca |
| kod rodzaju współpracy |
pbl |
| 9 (RLIN) |
1634 |
| 710 2# - Hasło dodatkowe - nazwa ciała zbior. |
| nazwa ciała zbior. lub nazwa geogr. |
Gebethner i Wolff. |
| rodzaj współpracy |
Dystrybucja |
| kod rodzaju współpracy |
dst |
| 9 (RLIN) |
1246 |
| 710 2# - Hasło dodatkowe - nazwa ciała zbior. |
| nazwa ciała zbior. lub nazwa geogr. |
Drukarnia Uniwersytetu Jagiellońskiego. |
| rodzaj współpracy |
Druk |
| kod rodzaju współpracy |
prt |
| 9 (RLIN) |
536 |
| 830 #0 - Hasło dod. serii i op. ks. wielotom. -tyt |
| tytuł |
Rozprawy Polskiej Akademii Umiejętności. |
| tytuł części/sekcji pracy |
Wydział Historyczno-Filozoficzny |
| oznaczenie tomu |
ser. 2, t. 39 = 64, nr 2 |
| 9 (RLIN) |
2632 |
| 856 41 - Elektroniczne źródła danych i spos. dost. |
| URL (Uniform Resource Locator) |
<a href="http://kpbc.umk.pl/publication/71096">http://kpbc.umk.pl/publication/71096</a> |
| 856 41 - Elektroniczne źródła danych i spos. dost. |
| URL (Uniform Resource Locator) |
<a href="http://ebuw.uw.edu.pl/dlibra/publication/125765">http://ebuw.uw.edu.pl/dlibra/publication/125765</a> |
| 856 48 - Elektroniczne źródła danych i spos. dost. |
| określenie materiału |
Okładka |
| URL (Uniform Resource Locator) |
<a href="http://www.nukat.edu.pl/nukat/icov/TORU/zz2004797633.jpg">http://www.nukat.edu.pl/nukat/icov/TORU/zz2004797633.jpg</a> |
| 942 ## - ADDED ENTRY ELEMENTS (KOHA) |
| Source of classification or shelving scheme |
Dewey Decimal Classification |
| Koha item type |
pozycje dostępne na miejscu |